| 000 | 00394pab a2200169 454500 | ||
|---|---|---|---|
| 008 | 180718b2017 xxu||||| |||| 00| 0 eng d | ||
| 100 | _aPanigrahi, Suhree | ||
| 245 | _aHindu Rashtra and Hindu women | ||
| 260 | _c2017 | ||
| 300 | _ap.147-161. | ||
| 362 | _aApr-Jun | ||
| 650 | _aHindu Rashtra | ||
| 650 | _aWomen | ||
| 700 | _aSingh, Jeet | ||
| 773 | _aSocial Action | ||
| 909 | _a114433 | ||
| 999 |
_c114427 _d114427 |
||